Dạy con làm giàu. t.VII, Ai đã lấy tiền của tôi? /
Đã lưu trong:
| Hovedforfatter: | |
|---|---|
| Andre forfattere: | , |
| Format: | Sách giấy |
| Sprog: | Vietnamese English |
| Udgivet: |
Tp. Hồ Chí Minh :
Trẻ,
2019.
|
| Fag: | |
| Tags: |
Tilføj Tag
Ingen Tags, Vær først til at tagge denne postø!
|
| Thư viện lưu trữ: | Thư viện Trường Đại học Đà Lạt |
|---|
| LEADER | 01120nam a2200385 4500 | ||
|---|---|---|---|
| 001 | DLU210196131 | ||
| 005 | ##20200419 | ||
| 020 | # | # | |a 9786041136946 |
| 040 | # | # | |a DLU |b vie |
| 041 | # | # | |a vie |h eng |
| 044 | # | # | |a vn |
| 082 | # | # | |a 332.024 |b KI-R |
| 100 | # | # | |a Kiyosaki, Robert T., |d 1947- |
| 245 | # | # | |a Dạy con làm giàu. |n t.VII, |p Ai đã lấy tiền của tôi? / |c Robert T. Kiyosak; Thiên Kim dịch. |
| 246 | # | # | |a Who took my money? |
| 260 | # | # | |a Tp. Hồ Chí Minh : |b Trẻ, |c 2019. |
| 300 | # | # | |a 313 tr. ; |c 21 cm. |
| 505 | # | # | |a Phần I. Tôi nên đầu tư vào cái gì -- Phần II. Hãy hỏi một nhà đầu tư. |
| 650 | # | # | |a Đầu tư. |
| 650 | # | # | |a An toàn tài chính. |
| 650 | # | # | |a Tài chính cá nhân. |
| 700 | # | # | |a Thiên Kim, |e dịch. |
| 700 | # | # | |a Lechter, Sharon L. |
| 923 | # | # | |a 03/2020 |
| 990 | # | # | |a t.VII |
| 991 | # | # | |a SH |
| 992 | # | # | |a 90000 |
| 994 | # | # | |a DLU |
| 900 | # | # | |a True |
| 911 | # | # | |a Nguyễn Thanh Hương |
| 925 | # | # | |a G |
| 926 | # | # | |a A |
| 927 | # | # | |a SH |
| 980 | # | # | |a Thư viện Trường Đại học Đà Lạt |


